[Event "Africa-ch U14"]
[Site "Windhoek"]
[Date "2019.12.16"]
[Round "2.4"]
[White "Costa, Bruno"]
[Black "Azab, Yehya"]
[Result "1-0"]
[WhiteElo "1674"]
[BlackElo "1329"]
[PlyCount "43"]
[EventDate "2019.12.16"]
[EventType "swiss"]
[EventRounds "9"]
[EventCountry "NAM"]
[SourceTitle "EXT 2024"]
[Source "ChessBase"]
[SourceDate "2023.10.10"]
[SourceVersion "1"]
[SourceVersionDate "2023.10.10"]
[SourceQuality "1"]

1. e4 e5 2. Nf3 Nc6 3. Bc4 Bc5 4. c3 Nf6 5. d3 h6 6. a4 0-0 7. 0-0 d5 8. exd5 Nxd5 9. d4 exd4 10. cxd4 Bb4 11. Bd3 Bg4 12. Bc2 Qf6 13. Nc3 Nxc3 14. bxc3 Bxc3 15. Qd3 g6 16. Qxc3 Bxf3 17. Qxf3 Qxd4 18. Bxh6 Rfe8 19. Rad1 Qe5 20. Bb3 Re7 21. Qg3 Re6 22. Bxe6 1-0